Roman Oškera: Záležlí nám na zachovaní nášho prekrásneho malokarpatského regiónu predstavujeme Regionálnu skládku odpadov s.r.o. v Dubovej

Podrobná bibliografia
Médium: Článok
Jazyk:slovenčina
Fyzický popis:Fotogr.
ISSN:1335-7808
Predmet:

MARC

LEADER 00000nab a2200000 a 4500
001 vtls000775964
003 SK-MaSNL
005 20260305032849.0
008 140701c2001 xo 0 slo
015 |a SNBRB2001/11-34273 
035 |a CLN000127751 
040 |a SNKBUCL  |b slo  |c SNKBUCL  |e AACR2 
041 0 |a slo 
044 |a xo  |c SK 
080 |a 628.472(437.6)  |2 1997 
080 |a 504.064.47(437.6)  |2 1997 
245 0 0 |a Roman Oškera: Záležlí nám na zachovaní nášho prekrásneho malokarpatského regiónu  |b predstavujeme Regionálnu skládku odpadov s.r.o. v Dubovej  |c redakcia 
300 |b Fotogr. 
610 7 |a Regionálna skládka odpadov (Dubová, Slovensko)  |2 snkbucl  |9 1612646 
650 0 7 |a skládky odpadu  |2 snkbucl  |9 16790 
651 7 |a Pezinok (Slovensko : okres)  |2 snkbucl  |9 71003 
655 7 |a články z novín a časopisov  |2 snkbucl  |9 267496 
773 0 |t Odpady  |g Roč. 1, č. 8 (2001), s. 3. obálky  |x 1335-7808 
850 |a Slovenská národná knižnica v Martine 
852 |a SNK  |b KIS3GCP 
958 |a SK 
992 |a RBX 
999 |c 3321953  |d 3323883